00795 a2200157 4500003000500000005001700005020001800022040000900040082001500049100001800064245005100082260003900133300001500172505041600187610003400603Nust20221117125818.0 a9788131701843 cNust a621.38,RAJ aG. S. N. Raju aAntennas and Wave Propagation /cG. S. N. Raju aNew DelhibPearson Educationc2009 axxii,487p. aIntroduction (Page-1), Mathematical Preliminaries (Page-9), Maxwell’s Equations and Electromagnetic Waves (Page-55), Radiation and Antennas (Page-134), Analysis of Linear Arrays (Page-165), Array Synthesis (Page-208), HF,VHF and Uhf Antennas (Page-238), Microwave Antennas (Page-294), Antenna Measurements (Page-352), Wave Propagation (Page-383), Multiple Choice Questions (Page-445), Bibliography (Page-461). aTelecommunication Engineering